000 00605nam a2200229Ia 4500
003 OSt
005 20230615130240.0
008 210423s2011 xx 000 0 und d
020 _a8123911289
040 _cAL
041 _aeng
082 _a641.4 DESN
_223
100 _aDESROSIER (Norman W);DESROSIER (James N).
_9104928
245 _aTechnology of food preservation.
250 _a4
260 _aNew Delhi
_bC B S Publications
_c2011
300 _axv,558
_bPB
365 _b295
_cINR
650 _aFood Preservation
_9104929
906 _afood ; preservation. ; Technology
942 _2ddc
_cBK
999 _c164816
_d164816